000 00547nam a2200193Ia 4500
005 20260415160347.0
008 008 250505s9999 xx 000 0 eng d
037 _aTextual
040 _aFEDL
_beng
_cFEDL
041 _aeng
_2eng
084 _a110 ENY
_qFEDL
100 _aEnver Ishrat hasan
_9275477
245 0 _aMetaphysics of iqbal
260 _aLahore, Pakistan
_bLahore Muhammad Ashraf Pakistan
_c1944
300 _aix,91p.
650 _aPhilosophy
942 _cTEXL
_h110 ENY
999 _c1322095
_d1322095